000 00814nam a2200205 a 4500
001 000024632
005 20240422203112.0
008 110127s2001 ve r 000 | spa d
020 _a9800018549
040 _aDO-SdBNP
_bspa
_cBNPHU
082 _a362
_bM538c
100 1 _aMéndez Cegarra, Absalón
_950517
245 1 0 _aComentarios a la ley orgánica del sistema de seguridad social integral /
_cAbsalón Méndez Cegarra.
260 _aCaracas, Venezuela :
_bComisión de Estudios de Postgrado, Facultad de Ciencias Económicas y Sociales, Universidad Central de Venezuela,
_c2001.
300 _a156 p. ;
_c21 cm.
500 _aIncluye referencias bibliográficas y notas al pie de las páginas
650 0 _aProblemas sociales
_99290
650 4 _aBienestar familiar
_950518
650 4 _aServicio social
_950145
999 _c24125
_d24125